000 00356nam a2200157Ia 4500
008 221030s9999 xx 000 0 und d
020 _a8120315316
041 _aEnglish
082 _a105.23
_bRaj
100 _aV. Rajaraman
245 0 _aFundamentals of Computers
260 _bPHI
_aNew Delhi
_c2002
300 _a351
650 _aCOMPUTERS
942 _cBK
999 _c118
_d118